| 000 | 00810nam a2200253Ia 4500 | ||
|---|---|---|---|
| 003 | GCL | ||
| 008 | 140319s9999 xx 000 0 ara d | ||
| 040 |
_aGCL / _cGCL |
||
| 082 | 0 | 4 |
_a953.071 _bا ت |
| 100 | 1 | _aالسيد عبدالعزيز سالم | |
| 245 | 1 | 0 |
_aتاريخ المغرب فى العصر الاسلامى / _cالسيد عبدالعزيز سالم |
| 260 |
_a[S.N] : _bمؤسسة شباب الجامعة |
||
| 300 | _a881 ص | ||
| 490 | _a | ||
| 650 | 0 | 4 | _aالاندلس |
| 650 | 0 | 4 | _aالفتوحات الاسلامية |
| 650 | 0 | 4 | _aالتاريخ الاسلامى |
| 650 | 0 | 4 | _aالمرابطون |
| 650 | 0 | 4 | _aانتشار الاسلام |
| 650 | 0 | 4 | _aالموحدون |
| 650 | 0 | 4 | _aفتح الاندلس |
| 650 | 0 | 4 | _aالحضارة الاسلامية |
| 942 |
_2ddc _cBK |
||
| 999 |
_c32451 _d32451 |
||